Doris Lessing / (Record no. 125180)
[ view plain ]
| 000 -LEADER | |
|---|---|
| fixed length control field | 00924cam a2200325 a 4500 |
| 001 - CONTROL NUMBER | |
| control field | 160183 |
| 003 - CONTROL NUMBER IDENTIFIER | |
| control field | ARRUPE |
| 005 - DATE AND TIME OF LATEST TRANSACTION | |
| control field | 20160916090139.0 |
| 008 - FIXED-LENGTH DATA ELEMENTS--GENERAL INFORMATION | |
| fixed length control field | 830513s1983 enk b 000 0 eng |
| 010 ## - LIBRARY OF CONGRESS CONTROL NUMBER | |
| LC control number | 82020846 |
| 020 ## - INTERNATIONAL STANDARD BOOK NUMBER | |
| International Standard Book Number | 0416317308 (pbk.) : |
| Terms of availability | $3.95 |
| 035 ## - SYSTEM CONTROL NUMBER | |
| System control number | (OCoLC)8930964 |
| 035 ## - SYSTEM CONTROL NUMBER | |
| System control number | (OCoLC)ocm08930964 |
| 035 ## - SYSTEM CONTROL NUMBER | |
| System control number | (CStRLIN)NYCG83-B35310 |
| 035 ## - SYSTEM CONTROL NUMBER | |
| System control number | (NNC)160183 |
| 040 ## - CATALOGING SOURCE | |
| Transcribing agency | Arrupe |
| 050 0# - LIBRARY OF CONGRESS CALL NUMBER | |
| Classification number | PR6023.E8332 |
| 082 0# - DEWEY DECIMAL CLASSIFICATION NUMBER | |
| Classification number | 823/.914 |
| Edition number | 19 |
| 090 ## - LOCALLY ASSIGNED LC-TYPE CALL NUMBER (OCLC); LOCAL CALL NUMBER (OCLC) | |
| Classification number (OCLC) (R) ; Classification number, CALL (RLIN) (NR) | PR6023.E833 |
| Local cutter number (OCLC) ; Book number/undivided call number, CALL (RLIN) | Z878 1983 |
| 300 ## - PHYSICAL DESCRIPTION | |
| Dimensions | 20 cm. |
| 100 1# - MAIN ENTRY--PERSONAL NAME | |
| Personal name | Sage, Lorna. |
| 9 (RLIN) | 25585 |
| 245 10 - TITLE STATEMENT | |
| Title | Doris Lessing / |
| Statement of responsibility, etc | Lorna Sage. |
| 260 ## - PUBLICATION, DISTRIBUTION, ETC. (IMPRINT) | |
| Place of publication, distribution, etc | London ; |
| -- | New York : |
| Name of publisher, distributor, etc | Methuen, |
| Date of publication, distribution, etc | 1983. |
| 300 ## - PHYSICAL DESCRIPTION | |
| Extent | 91 p. ; |
| 490 1# - SERIES STATEMENT | |
| Series statement | Contemporary writers |
| 504 ## - BIBLIOGRAPHY, ETC. NOTE | |
| Bibliography, etc | Bibliography: p. 88-91. |
| 600 10 - SUBJECT ADDED ENTRY--PERSONAL NAME | |
| Personal name | Lessing, Doris, |
| Dates associated with a name | 1919-2013 |
| General subdivision | Criticism and interpretation. |
| 9 (RLIN) | 25586 |
| 830 #0 - SERIES ADDED ENTRY--UNIFORM TITLE | |
| Uniform title | Contemporary writers. |
| 9 (RLIN) | 25587 |
| 942 ## - ADDED ENTRY ELEMENTS (KOHA) | |
| Source of classification or shelving scheme | Library of Congress Classification |
| Koha item type | Monograph ( Printed materials) |
| Withdrawn status | Lost status | Source of classification or shelving scheme | Damaged status | Not for loan | Collection code | Home library | Current library | Shelving location | Date acquired | Total Checkouts | Full call number | Barcode | Date last seen | Price effective from | Koha item type |
|---|---|---|---|---|---|---|---|---|---|---|---|---|---|---|---|
| Library of Congress Classification | Main Collection | ARRUPE LIBRARY | ARRUPE LIBRARY | Main Collection | 07/09/2016 | PR6023.E8332 | 46500010230 | 07/09/2016 | 07/09/2016 | Monograph ( Printed materials) |